Osídlení Moravy lidem Jevišovickým. [1] /

Hlavní autor: Hanák, Ladislav
Korporativní autor: Masarykova univerzita. Filozofická fakulta
Jazyk: Čeština
Vydáno: Brno : Ladislav Hanák, [1953]
Fyzický popis: 174 s.
Knihy
Uloženo v:
LEADER 00704nam a2200205 a 4500
001 000612344
003 CZ BrMZK
005 20020724184138.0
007 ta
008 020724s1953 xr f cze d
040 |a BOA001  |b cze  |c BOA001 
100 1 |a Hanák, Ladislav  |7 jn20020717457  |4 aut 
245 1 0 |a Osídlení Moravy lidem Jevišovickým.  |n [1] /  |c Ladislav Hanák 
260 |a Brno :  |b Ladislav Hanák,  |c [1953] 
300 |a 174 s. 
502 |a Disertace -- Masarykova univerzita, 1953 
710 2 |a Masarykova univerzita.  |b Filozofická fakulta  |7 kn20010709276 
910 |a BOA001  |b 4-0305.902,1 
990 |a BK 
996 6 |b BC-39020  |c 4-0305.902,1  |l MZK  |r Sklad / do 24 hodin  |n 0  |w 000612344  |u 000010  |a 1  |e BOA001  |j MZK50  |s P